Statistics for Important cities in Costa Rica

Click here to take the quiz!

General Stats

  • This quiz has been taken 25 times
  • The average score is 3 of 5

Answer Stats

Reason for being important Country City % Correct
CapitalCosta RicaSan Jose
100%
2nd Largest city/Atlantic portCosta RicaPuerto Limon
75%
Major city sharing its name with a countryCosta RicaLiberia
58%
3rd Largest cityCosta RicaAlajuela
33%
Pacific portCosta RicaCaldera
17%

Score Distribution

Percentile by Number Answered

Percent of People with Each Score

Your Score History

You have not taken this quiz